The nature of Greek myths / (Record no. 5354)

MARC details
000 -LEADER
fixed length control field 00730nam a2200277 4500
001 - CONTROL NUMBER
control field 1201449
003 - CONTROL NUMBER IDENTIFIER
control field OSt
005 - DATE AND TIME OF LATEST TRANSACTION
control field 20190103153135.0
008 - FIXED-LENGTH DATA ELEMENTS--GENERAL INFORMATION
fixed length control field 750121s1974 enk b 00110 eng
010 ## - LIBRARY OF CONGRESS CONTROL NUMBER
LC control number 74196296
015 ## - NATIONAL BIBLIOGRAPHY NUMBER
National bibliography number GB74-25720
020 ## - INTERNATIONAL STANDARD BOOK NUMBER
International Standard Book Number 0140217835 :
040 ## - CATALOGING SOURCE
Original cataloging agency DLC
Transcribing agency DLC
Modifying agency CIN
043 ## - GEOGRAPHIC AREA CODE
Geographic area code e-gr---
050 0# - LIBRARY OF CONGRESS CALL NUMBER
Classification number BL782
Item number .K57
082 ## - DEWEY DECIMAL CLASSIFICATION NUMBER
Classification number 292.13
Item number K59N
100 10 - MAIN ENTRY--PERSONAL NAME
Personal name Kirk, G. S.
Fuller form of name (Geoffrey Stephen),
Dates associated with a name 1921-
245 14 - TITLE STATEMENT
Title The nature of Greek myths /
Statement of responsibility, etc. G. S. Kirk
260 0# - PUBLICATION, DISTRIBUTION, ETC.
Place of publication, distribution, etc. Harmondsworth :
Name of publisher, distributor, etc. Penguin,
Date of publication, distribution, etc. 1974, 1976 printing
300 ## - PHYSICAL DESCRIPTION
Extent 332 p. ;
Dimensions 19 cm
490 0# - SERIES STATEMENT
Series statement Pelican book
500 ## - GENERAL NOTE
General note Includes index
504 ## - BIBLIOGRAPHY, ETC. NOTE
Bibliography, etc. note Bibliography: p. [305]-306
650 #0 - SUBJECT ADDED ENTRY--TOPICAL TERM
Topical term or geographic name entry element Mythology, Greek
942 ## - ADDED ENTRY ELEMENTS (KOHA)
Source of classification or shelving scheme Dewey Decimal Classification
Koha item type Books
Holdings
Withdrawn status Lost status Source of classification or shelving scheme Damaged status Not for loan Collection code Home library Current library Shelving location Date acquired Cost, normal purchase price Total Checkouts Full call number Barcode Date last seen Price effective from Koha item type
    Dewey Decimal Classification     Non-fiction Harvest Mission College Harvest Mission College General Stacks 03.01.2019 240.00   292.13 K59N 006125 03.01.2019 03.01.2019 Books

OPAC Designed and Maintained by HMC Library Team.
Copyright © HMC Library,Greater Noida, UP.
For any Suggestions/Query Contact library via Email:libhmc@gmail.com